000 00493nam a2200193Ia 4500
005 20250326145438.0
008 250326s9999 xx 000 0 und d
037 _aTextbook
040 _aFMSL
_beng
_cFMSL
041 _aeng
_2eng
084 _qFMSL
100 _aWali O P
_9751169
245 0 _aInformation technology for management
_cWali O P
260 _aNew Delhi
_bNew Delhi, Wiley
_c2016
365 _b749
650 _aManagement
942 _cTB
999 _c1307602
_d1307602